О прогнозировании надежности изоляции обмоток асинхронных двигателей на стадии проектирования и изготовления; Ч. 2

Podrobná bibliografie
Parent link:Ч. 2.— 1969.— С. 103 - 108
Hlavní autor: Гитман А. С.
Další autoři: Похолков Ю. П. Юрий Петрович, Стрельбицкий Э. К. Эдуард Карлович
Jazyk:ruština
Vydáno: 1969
Témata:
Médium: MixedMaterials Kapitola
KOHA link:https://koha.lib.tpu.ru/cgi-bin/koha/opac-detail.pl?biblionumber=156064

MARC

LEADER 00000naa2a2200000 4500
001 156064
005 20240914063137.0
035 |a (RuTPU)RU\TPU\book\169263 
090 |a 156064 
100 |a 20090323d1969 k y0rusy50 ca 
101 0 |a rus 
102 |a RU 
200 1 |a О прогнозировании надежности изоляции обмоток асинхронных двигателей на стадии проектирования и изготовления  |f А. С. Гитман, Ю. П. Похолков, Э. К. Стрельбицкий 
463 0 |0 (RuTPU)RU\TPU\book\168705  |t Ч. 2  |v С. 103 - 108  |d 1969  |p  288 с. 
610 1 |a труды учёных ТПУ 
700 1 |a Гитман  |b А. С. 
701 1 |a Похолков  |b Ю. П.  |c специалист в области электротехники, доктор технических наук  |c ректор Томского политехнического университета (1990-2008), профессор  |f 1939-  |g Юрий Петрович  |x TPU  |y Томск  |3 (RuTPU)RU\TPU\pers\10508  |9 2235 
701 1 |a Стрельбицкий  |b Э. К.  |c российский ученый, электромеханик  |c профессор кафедры электрических машин и аппаратов ТПИ  |f 1932-2005  |g Эдуард Карлович  |3 (RuTPU)RU\TPU\pers\19870  |9 7807 
801 1 |a RU  |b 63413507  |c 20090323  |g PSBO 
801 2 |a RU  |b 63413507  |c 20090323  |g PSBO 
942 |c BK